Aasian valtiot minuutissa - Statistics

Yleistilastot
  • Tätä visaa on pelattu 2 355 kertaa
  • Keskiarvotulos 26 / 48
Vastaukset kartalla
Vastauksille on annettu kartalla punavihreä väri sen mukaan, kuinka moni on saanut sen oikein.
 
Vastaustilastot
Valtio % Oikein
Kiina
96%
Intia
94%
Japani
87%
Irak
83%
Iran
83%
Mongolia
83%
Turkki
79%
Thaimaa
76%
Jemen
75%
Oman
75%
Nepal
72%
Vietnam
71%
Indonesia
70%
Pakistan
70%
Laos
68%
Kazakstan
61%
Syyria
60%
Saudi-Arabia
58%
Bhutan
57%
Israel
57%
Afganistan
56%
Myanmar
56%
Malesia
54%
Etelä-Korea
50%
Jordania
50%
Georgia
49%
Taiwan
49%
Armenia
47%
Sri Lanka
46%
Pohjois-Korea
45%
Qatar
45%
Filippiinit
44%
Kuwait
43%
Kypros
43%
Bahrain
41%
Libanon
40%
Kirgisia
39%
Singapore
39%
Brunei
36%
Bangladesh
34%
Uzbekistan
33%
Turkmenistan
30%
Kambodža
28%
Malediivit
26%
Azerbaidžan
24%
Tadžikistan
21%
Itä-Timor
20%
Yhdistyneet arabiemiraatit
17%
Ehtoja vastaavia visoja ei löytynyt
Tulosjakauma
Jokaisen tuloksen saaneiden osuus
Persentiili vastausten määrän mukaan
Tuloshistoriasi
Et ole pelannut tätä visaa